[Event "RUS-ch Blitz Men 2018"]
[Site "Sochi"]
[Date "2018.10.07"]
[Round "5"]
[White "Romanov, Evgeny"]
[Black "Sychev, Klementy"]
[Result "1-0"]
[WhiteElo "2614"]
[BlackElo "2534"]
[Annotator "TA"]
[PlyCount "49"]
[EventDate "2018.10.07"]
[EventType "swiss"]
[EventCountry "RUS"]
[SourceTitle "playchess.com"]
[Source "ChessBase"]
[SourceQuality "1"]

1. c4 g6 2. e4 Bg7 3. d4 e6 4. Nc3 Ne7 5. h4 h6 6. Be3 d5 7. cxd5 exd5 8. f3 dxe4 9. fxe4 Nbc6 10. Nf3 Bg4 11. d5 Ne5 12. Be2 Bxf3 13. gxf3 Nd7 14. f4 Nf6 15. Bf3 h5 16. e5 Nf5 17. exf6 Qxf6 18. Qa4+ c6 19. Bc5 Nxh4 20. O-O-O Nxf3 21. Qe4+ Ne5 22. fxe5 Qxe5 23. dxc6 b6 24. Rhe1 f5 25. Qxe5+ 1-0

[Event "RUS-ch Blitz Men 2018"]
[Site "Sochi"]
[Date "2018.10.07"]
[Round "5"]
[White "Chigaev, Maksim"]
[Black "Potapov, Pavel"]
[Result "1/2-1/2"]
[WhiteElo "2599"]
[BlackElo "2515"]
[Annotator "ChessBase"]
[PlyCount "90"]
[EventDate "2018.10.07"]
[EventType "swiss"]
[EventCountry "RUS"]
[SourceTitle "playchess.com"]
[Source "ChessBase"]
[SourceQuality "1"]

1. e4 c5 2. Be2 Nc6 3. f4 g6 4. Nf3 Bg7 5. O-O Rb8 6. c3 d5 7. e5 d4 8. Bb5 Bd7 9. a4 a6 10. Bd3 Nh6 11. Be4 O-O 12. Na3 Bf5 13. Qe1 Na5 14. d3 Nb3 15. Rb1 Bxe4 16. Qxe4 Nf5 17. Nc2 h5 18. Bd2 e6 19. cxd4 cxd4 20. Bb4 Re8 21. Na1 Nxa1 22. Rxa1 Qb6 23. Ba3 Rbc8 24. Rfc1 Bf8 25. Bxf8 Kxf8 26. Qe2 Qb3 27. Ng5 Ne3 28. Ne4 Nd5 29. Nd6 Rxc1+ 30. Rxc1 Re7 31. Rc8+ Kg7 32. g3 Qxa4 33. h3 Ne3 34. g4 h4 35. f5 exf5 36. gxf5 Rxe5 37. f6+ Kxf6 38. Qf2+ Nf5 39. Nxf5 Rxf5 40. Qxh4+ Rg5+ 41. Kf2 Qd7 42. Qh8+ Ke7 43. Qf8+ Kf6 44. Qh8+ Ke7 45. Qf8+ Kf6 1/2-1/2

[Event "RUS-ch Blitz Men 2018"]
[Site "Sochi"]
[Date "2018.10.07"]
[Round "5"]
[White "Antipov, Mikhail Al."]
[Black "Bocharov, Dmitry"]
[Result "1-0"]
[WhiteElo "2593"]
[BlackElo "2557"]
[Annotator "TA"]
[PlyCount "70"]
[EventDate "2018.10.07"]
[EventType "swiss"]
[EventCountry "RUS"]
[SourceTitle "playchess.com"]
[Source "ChessBase"]
[SourceQuality "1"]

1. e4 c5 2. Nf3 e6 3. b3 b6 4. Bb2 Bb7 5. Nc3 Nc6 6. Qe2 e5 7. g4 Nd4 8. Nxd4 cxd4 9. Nd5 Nf6 10. Bg2 Nxd5 11. exd5 Bd6 12. Bxd4 O-O 13. Bb2 Rc8 14. O-O-O Qc7 15. d3 a5 16. a4 b5 17. axb5 a4 18. bxa4 Qa5 19. c4 Qxa4 20. Qc2 Qa5 21. Qc3 Bb4 22. Qxe5 f6 23. Qd4 Rfe8 24. Be4 Ba3 25. Bxa3 Qxa3+ 26. Kd2 Qd6 27. Ra1 Re7 28. Ra7 Qb4+ 29. Kc2 Ba8 30. Rb1 Qd6 31. Rba1 Ree8 32. R1a6 Qxh2 33. Rxd7 Rxe4 34. dxe4 Qg1 35. Raa7 Qf1 1-0

[Event "RUS-ch Blitz Men 2018"]
[Site "Sochi"]
[Date "2018.10.07"]
[Round "5"]
[White "Maletin, Pavel"]
[Black "Balashov, Yuri S"]
[Result "1-0"]
[WhiteElo "2586"]
[BlackElo "2429"]
[Annotator "TA"]
[PlyCount "99"]
[EventDate "2018.10.07"]
[EventType "swiss"]
[EventCountry "RUS"]
[SourceTitle "playchess.com"]
[Source "ChessBase"]
[SourceQuality "1"]

1. c4 e5 2. g3 c6 3. Nf3 e4 4. Nd4 d5 5. cxd5 Qxd5 6. Nc2 Nf6 7. Nc3 Qe5 8. Bg2 h5 9. d3 exd3 10. Qxd3 Bf5 11. e4 h4 12. Bf4 Qe7 13. O-O-O Bg4 14. e5 Nfd7 15. f3 Nc5 16. Qe2 Bf5 17. Nd4 Bg6 18. Bh3 Nba6 19. Bf5 Ne6 20. Nxc6 bxc6 21. Qxa6 Qc7 22. Bxg6 fxg6 23. Ne4 hxg3 24. Bxg3 Kf7 25. Qc4 Be7 26. Rd6 Qc8 27. Rxc6 Qxc6 28. Qxc6 Rac8 29. Qxc8 Rxc8+ 30. Kb1 Nd4 31. Rd1 Nf5 32. Rd7 Rd8 33. Rxd8 Bxd8 34. Nd6+ Ke6 35. Nxf5 gxf5 36. Kc2 g5 37. Kd3 Kd5 38. Bf2 a6 39. Bd4 g4 40. fxg4 fxg4 41. b4 Bg5 42. Be3 Be7 43. Bc5 Bg5 44. Be3 Be7 45. a3 Kxe5 46. Kc4 Ke4 47. Bc5 Bd8 48. Bd6 Kf5 49. Kd5 Bg5 50. a4 1-0

[Event "RUS-ch Blitz Men 2018"]
[Site "Sochi"]
[Date "2018.10.07"]
[Round "5"]
[White "Timofeev, Artyom"]
[Black "Murzin, Volodar"]
[Result "1/2-1/2"]
[WhiteElo "2580"]
[BlackElo "2340"]
[Annotator "TA"]
[PlyCount "98"]
[EventDate "2018.10.07"]
[EventType "swiss"]
[EventCountry "RUS"]
[SourceTitle "playchess.com"]
[Source "ChessBase"]
[SourceQuality "1"]

1. e4 c5 2. Nf3 d6 3. Bc4 Nc6 4. O-O g6 5. c3 Bg7 6. d4 cxd4 7. cxd4 Nf6 8. d5 Ne5 9. Nxe5 dxe5 10. Nc3 O-O 11. h3 Ne8 12. Be2 Nd6 13. b3 f5 14. Bf3 fxe4 15. Nxe4 Nf5 16. Bg5 h6 17. Be3 Nd4 18. Bxd4 exd4 19. Nc5 b6 20. Nd3 Bf5 21. Qe2 Rc8 22. Rad1 Qd6 23. Rfe1 Rc3 24. Bg4 Qxd5 25. Nf4 Qd6 26. Bxf5 Rxf5 27. Nd3 e5 28. Qe4 Qc6 29. Qxc6 Rxc6 30. f3 Rc2 31. Nb4 Rb2 32. Rb1 Rxb1 33. Rxb1 Rf7 34. Rc1 Bf8 35. Nd3 Bd6 36. Rc6 Rd7 37. Kf2 Kf7 38. Ke2 Ke6 39. Rc8 Rc7 40. Rxc7 Bxc7 41. Nf2 Bd8 42. Kd3 Kd5 43. Ne4 Be7 44. a4 a6 45. Kc2 b5 46. axb5 axb5 47. Kd3 h5 48. g4 h4 49. Kc2 g5 1/2-1/2

[Event "RUS-ch Blitz Men 2018"]
[Site "Sochi"]
[Date "2018.10.07"]
[Round "5"]
[White "Pridorozhni, Aleksei"]
[Black "Derjabin, Ilja"]
[Result "1-0"]
[WhiteElo "2574"]
[BlackElo "2345"]
[Annotator "TA"]
[PlyCount "84"]
[EventDate "2018.10.07"]
[EventType "swiss"]
[EventCountry "RUS"]
[SourceTitle "playchess.com"]
[Source "ChessBase"]
[SourceQuality "1"]

1. e4 e6 2. d4 d5 3. Nd2 Nf6 4. e5 Ne4 5. Nxe4 dxe4 6. Be3 c5 7. dxc5 Nd7 8. a3 Bxc5 9. Bxc5 Nxc5 10. Qxd8+ Kxd8 11. f4 exf3 12. Nxf3 Ke7 13. b4 Nd7 14. Bd3 h6 15. O-O-O a5 16. Kb2 Nb6 17. Bb5 Bd7 18. Bxd7 Nxd7 19. Rd4 Nb6 20. c4 axb4 21. axb4 Rhd8 22. Rxd8 Rxd8 23. Kc3 Rc8 24. c5 Nd5+ 25. Kb3 b6 26. cxb6 Nxb6 27. Ra1 Rc7 28. b5 f6 29. exf6+ gxf6 30. Nd4 Nd5 31. Ra6 Rc3+ 32. Kb2 Rc4 33. Rxe6+ Kd7 34. Re4 f5 35. Rh4 f4 36. Ne2 Rb4+ 37. Kc1 Rxb5 38. Rxh6 Ra5 39. Rh5 Rc5+ 40. Kd2 Kd6 41. Rf5 Ra5 42. Nc3 Ne3 1-0

[Event "RUS-ch Blitz Men 2018"]
[Site "Sochi"]
[Date "2018.10.07"]
[Round "5"]
[White "Rozum, Ivan"]
[Black "Shcherbakov, Ruslan"]
[Result "1/2-1/2"]
[WhiteElo "2573"]
[BlackElo "2516"]
[Annotator "TA"]
[PlyCount "117"]
[EventDate "2018.10.07"]
[EventType "swiss"]
[EventCountry "RUS"]
[SourceTitle "playchess.com"]
[Source "ChessBase"]
[SourceQuality "1"]

1. Nf3 c5 2. c4 g6 3. e4 Nc6 4. d4 cxd4 5. Nxd4 Nf6 6. Nc3 d6 7. Nc2 Bg7 8. Be2 Nd7 9. Bd2 a5 10. O-O Nc5 11. f3 O-O 12. Be3 a4 13. Qd2 Qa5 14. Rac1 Be6 15. Bh6 Qb6 16. Kh1 Bxh6 17. Qxh6 Nb4 18. Ne3 a3 19. b3 f6 20. f4 Nxb3 21. f5 g5 22. axb3 Qxe3 23. fxe6 a2 24. Bh5 Nd3 25. Bf7+ Kh8 26. Ra1 Nf2+ 27. Rxf2 Qxf2 28. Bg6 Qh4 29. Qxh4 gxh4 30. Bh5 Ra3 31. Bd1 Rfa8 32. Kg1 Kg7 33. Kf2 f5 34. exf5 Kf6 35. Bc2 Ke5 36. Ke3 Rg8 37. Be4 Rxb3 38. Kd3 Ra8 39. Kc2 Rxc3+ 40. Kxc3 Kxe4 41. f6 exf6 42. e7 Kf5 43. Rxa2 Re8 44. Re2 h3 45. gxh3 Kg6 46. Kd4 Kf7 47. Kd5 Rxe7 48. Rb2 Rd7 49. Rf2 Rc7 50. Rf4 b6 51. Kxd6 Rc5 52. h4 f5 53. h5 Kf6 54. h4 h6 55. Rd4 Rc8 56. Kd7 Rc5 57. Kd6 Rc8 58. Kd7 Rc5 59. Kd6 1/2-1/2

[Event "RUS-ch Blitz Men 2018"]
[Site "Sochi"]
[Date "2018.10.07"]
[Round "5"]
[White "Bocharov, Ivan"]
[Black "Kozak, Alexander"]
[Result "1-0"]
[WhiteElo "2563"]
[BlackElo "2262"]
[Annotator "TA"]
[PlyCount "109"]
[EventDate "2018.10.07"]
[EventType "swiss"]
[EventCountry "RUS"]
[SourceTitle "playchess.com"]
[Source "ChessBase"]
[SourceQuality "1"]

1. e4 c6 2. d4 d5 3. e5 c5 4. dxc5 e6 5. a3 Nc6 6. Nf3 Bxc5 7. b4 Bb6 8. Bb2 Nge7 9. Bd3 Ng6 10. O-O Bd7 11. Re1 O-O 12. c4 dxc4 13. Bxc4 Rc8 14. Nbd2 a5 15. b5 Nce7 16. Rc1 Nf5 17. Ne4 Rxc4 18. Rxc4 Bxb5 19. Qxd8 Rxd8 20. Rcc1 Nf4 21. Rcd1 Nd3 22. Re2 Ba4 23. Rb1 Bc6 24. Bc3 Nf4 25. Rd2 Bxe4 26. Rxb6 Rc8 27. h3 Bxf3 28. gxf3 h5 29. Bxa5 Nh4 30. Rb3 Rc1+ 31. Kh2 Nf5 32. Rxb7 h4 33. Rd8+ Kh7 34. Bd2 Rd1 35. Rxf7 Nd5 36. Rxf5 Rxd2 37. Rh5+ Kg6 38. Rxh4 Rxf2+ 39. Kg3 Ra2 40. a4 Ne3 41. Re4 Nf5+ 42. Kf4 Rh2 43. Re1 Rxh3 44. Rg1+ Kf7 45. Rd7+ Ke8 46. Rdxg7 Nxg7 47. Rxg7 Rh4+ 48. Rg4 Rh5 49. Ke4 Rh1 50. Rg7 Re1+ 51. Kf4 Rc1 52. Ra7 Rc5 53. a5 Kd8 54. a6 Ke8 55. Rb7 1-0

[Event "RUS-ch Blitz Men 2018"]
[Site "Sochi"]
[Date "2018.10.07"]
[Round "5"]
[White "Yuffa, Daniil"]
[Black "Gorbatov, Alexej"]
[Result "1/2-1/2"]
[WhiteElo "2563"]
[BlackElo "2389"]
[Annotator "TA"]
[PlyCount "51"]
[EventDate "2018.10.07"]
[EventType "swiss"]
[EventCountry "RUS"]
[SourceTitle "playchess.com"]
[Source "ChessBase"]
[SourceQuality "1"]

1. d4 a6 2. g3 c5 3. d5 d6 4. Bg2 g6 5. a4 b6 6. c4 Bg7 7. Nc3 Ra7 8. Nf3 e5 9. O-O Re7 10. e4 Bh6 11. Ne1 Bxc1 12. Qxc1 Kf8 13. Nd3 Kg7 14. f4 f6 15. Qd2 Nh6 16. a5 b5 17. cxb5 axb5 18. b4 c4 19. Nf2 Ba6 20. Bh3 Nd7 21. Be6 Nf8 22. f5 Nf7 23. Ng4 g5 24. Qe3 h5 25. Nf2 Nh6 26. Qb6 1/2-1/2

[Event "RUS-ch Blitz Men 2018"]
[Site "Sochi"]
[Date "2018.10.07"]
[Round "5"]
[White "Panarin, Mikhail"]
[Black "Jary, Sergey"]
[Result "1-0"]
[WhiteElo "2562"]
[BlackElo "2286"]
[Annotator "RC"]
[PlyCount "49"]
[EventDate "2018.10.07"]
[EventType "swiss"]
[EventCountry "RUS"]
[SourceTitle "playchess.com"]
[Source "ChessBase"]
[SourceQuality "1"]

1. e4 g6 2. d4 Bg7 3. Nc3 c6 4. h3 d5 5. Nf3 dxe4 6. Nxe4 Nd7 7. Bc4 Ngf6 8. Nxf6+ Nxf6 9. O-O O-O 10. a4 Nd5 11. c3 b6 12. Re1 Bb7 13. Bg5 Re8 14. Bh4 Qc7 15. Bg3 Qd7 16. Ne5 Bxe5 17. dxe5 c5 18. e6 fxe6 19. Qg4 Kg7 20. Rad1 Rad8 21. Bb5 Bc6 22. c4 a6 23. Bxc6 Qxc6 24. Rxe6 Qxa4 25. cxd5 1-0

[Event "RUS-ch Blitz Men 2018"]
[Site "Sochi"]
[Date "2018.10.07"]
[Round "5"]
[White "Iljiushenok, Ilia"]
[Black "Artemiev, Vladislav"]
[Result "1/2-1/2"]
[WhiteElo "2539"]
[BlackElo "2706"]
[Annotator "TA"]
[PlyCount "66"]
[EventDate "2018.10.07"]
[EventType "swiss"]
[EventCountry "RUS"]
[SourceTitle "playchess.com"]
[Source "ChessBase"]
[SourceQuality "1"]

1. e4 c6 2. d4 d5 3. exd5 cxd5 4. Bd3 Nc6 5. c3 Qc7 6. h3 Nf6 7. Nf3 g6 8. O-O Bf5 9. Ne1 e6 10. Bg5 Be7 11. Nd2 h6 12. Be3 g5 13. Bxf5 exf5 14. Ndf3 O-O-O 15. Nd3 Ne4 16. Nfe5 Bd6 17. Nxc6 Qxc6 18. Rc1 f4 19. Bd2 Kb8 20. Re1 Qa6 21. Qc2 Qxa2 22. f3 Ng3 23. Ne5 Bxe5 24. Rxe5 Rhe8 25. Rce1 Rxe5 26. Rxe5 Qa6 27. Kh2 Qb5 28. Qd1 Qxb2 29. Be1 Nf1+ 30. Kg1 Ne3 31. Qd2 Qxd2 32. Bxd2 Nc4 33. Bc1 Nxe5 1/2-1/2

[Event "RUS-ch Blitz Men 2018"]
[Site "Sochi"]
[Date "2018.10.07"]
[Round "5"]
[White "Demidov, Mikhail"]
[Black "Esipenko, Andrey"]
[Result "0-1"]
[WhiteElo "2514"]
[BlackElo "2609"]
[Annotator "ChessBase"]
[PlyCount "120"]
[EventDate "2018.10.07"]
[EventType "swiss"]
[EventCountry "RUS"]
[SourceTitle "playchess.com"]
[Source "ChessBase"]
[SourceQuality "1"]

1. d4 Nf6 2. Bg5 d5 3. Bxf6 gxf6 4. e3 c5 5. c3 e6 6. g3 Nc6 7. Bg2 Qb6 8. Qb3 Bd7 9. Ne2 Be7 10. O-O O-O-O 11. Nd2 Kb8 12. Rfd1 Rc8 13. dxc5 Bxc5 14. Qxb6 Bxb6 15. Nb3 Ne5 16. Nbd4 f5 17. Rab1 Rhd8 18. Nf4 Ba4 19. Rdc1 Be8 20. Rd1 Nc4 21. Nf3 Nd6 22. Ne5 Ne4 23. Nf3 Bc7 24. Nd3 Bd6 25. Nd2 Bf8 26. Nxe4 dxe4 27. Nf4 Ba4 28. b3 Bc6 29. Bf1 a5 30. a4 Bg7 31. c4 Kc7 32. Be2 Kb6 33. b4 axb4 34. Rxb4+ Kc5 35. Rdb1 Rd2 36. Bh5 Rc7 37. a5 Ra2 38. Bd1 Rxa5 39. Be2 Ra2 40. Bf1 Rd7 41. Nh3 Rdd2 42. Rxb7 Bxb7 43. Rxb7 Bh6 44. Rc7+ Kd6 45. Rxf7 Rxf2 46. c5+ Kxc5 47. Nxf2 Bxe3 48. Rxh7 Bxf2+ 49. Kh1 e3 50. Kg2 Be1+ 51. Kf3 Rf2+ 52. Kxe3 Rxf1 53. Ke2 Rh1 54. Kf3 Bd2 55. g4 fxg4+ 56. Kxg4 Kd6 57. h4 Ke5 58. h5 Ke4 59. Rd7 Be3 60. Re7 e5 0-1

[Event "RUS-ch Blitz Men 2018"]
[Site "Sochi"]
[Date "2018.10.07"]
[Round "5"]
[White "Gabrielian, Artur"]
[Black "Dubov, Daniil"]
[Result "0-1"]
[WhiteElo "2499"]
[BlackElo "2703"]
[Annotator "TA"]
[PlyCount "68"]
[EventDate "2018.10.07"]
[EventType "swiss"]
[EventCountry "RUS"]
[SourceTitle "playchess.com"]
[Source "ChessBase"]
[SourceQuality "1"]

1. e4 c5 2. Nc3 e6 3. Nf3 a6 4. d4 cxd4 5. Nxd4 b5 6. Bd3 Bb7 7. O-O Nc6 8. Nxc6 Bxc6 9. Re1 Bd6 10. e5 Bc7 11. Qg4 Ne7 12. Bf4 Ng6 13. Bxg6 hxg6 14. Bg3 Qb8 15. Rad1 Rh5 16. Ne4 Qb7 17. f3 Kf8 18. h4 Kg8 19. Nd6 Qa7+ 20. Bf2 Qb8 21. a3 Qf8 22. Bc5 Qe7 23. Bf2 Rf8 24. b4 Bxd6 25. exd6 Qe8 26. Qg3 f6 27. Rd4 f5 28. Qe5 g5 29. hxg5 Rxg5 30. Rh4 Bxf3 31. g3 Qg6 32. Re3 f4 33. Qxg5 Qxg5 34. Rxf3 fxg3 0-1

[Event "RUS-ch Blitz Men 2018"]
[Site "Sochi"]
[Date "2018.10.07"]
[Round "5"]
[White "Moiseenko, Vadim"]
[Black "Demchenko, Anton"]
[Result "1/2-1/2"]
[WhiteElo "2492"]
[BlackElo "2679"]
[Annotator "TA"]
[PlyCount "86"]
[EventDate "2018.10.07"]
[EventType "swiss"]
[EventCountry "RUS"]
[SourceTitle "playchess.com"]
[Source "ChessBase"]
[SourceQuality "1"]

1. g3 g6 2. Bg2 Bg7 3. Nf3 Nf6 4. O-O O-O 5. d3 d6 6. c3 e5 7. e4 Nbd7 8. Nbd2 b6 9. a4 a6 10. Re1 Bb7 11. b4 Re8 12. Bb2 d5 13. Qb3 a5 14. Rad1 Qc8 15. exd5 axb4 16. cxb4 Bxd5 17. Qc2 Qb7 18. Rc1 c5 19. bxc5 bxc5 20. Bc3 Qc6 21. a5 Qc7 22. Nc4 e4 23. dxe4 Bxe4 24. Qb2 Rab8 25. Qa1 Bd5 26. Ncd2 Qc6 27. Rxe8+ Rxe8 28. Re1 Ra8 29. Qd1 Bh6 30. Nf1 Ne4 31. Ne5 Nxe5 32. Bxe5 Nc3 33. Bxd5 Nxd5 34. Qa1 Nb4 35. Rd1 c4 36. Qc3 Nd5 37. Qa3 Bf8 38. Qa1 c3 39. Rc1 Qb5 40. Bxc3 Nxc3 41. Qxc3 Qxa5 42. Qxa5 Rxa5 43. Ne3 Ra8 1/2-1/2

[Event "RUS-ch Blitz Men 2018"]
[Site "Sochi"]
[Date "2018.10.07"]
[Round "5"]
[White "Hasangatin, Ramil"]
[Black "Tekeyev, Zaur"]
[Result "1-0"]
[WhiteElo "2485"]
[BlackElo "2392"]
[Annotator "TA"]
[PlyCount "147"]
[EventDate "2018.10.07"]
[EventType "swiss"]
[EventCountry "RUS"]
[SourceTitle "playchess.com"]
[Source "ChessBase"]
[SourceQuality "1"]

1. e4 c5 2. Nf3 Nc6 3. Bb5 g6 4. O-O Bg7 5. c3 a6 6. Bxc6 dxc6 7. d3 e5 8. Be3 b6 9. a4 a5 10. d4 Ba6 11. Re1 cxd4 12. cxd4 exd4 13. Bxd4 Bxd4 14. Nxd4 Ne7 15. Nc3 Ra7 16. Nf3 Qxd1 17. Raxd1 Bc4 18. Rd4 Bb3 19. Nd2 Be6 20. Nc4 Bxc4 21. Rxc4 Rd7 22. b4 axb4 23. Rxb4 Nc8 24. e5 Ke7 25. Ne4 Rd5 26. Nf6 Rd3 27. Rc4 c5 28. a5 Rhd8 29. axb6 Nxb6 30. Rxc5 Nd7 31. Rc7 Ke6 32. Nxh7 Nxe5 33. Rc5 R8d5 34. Ng5+ Kd6 35. Rxd5+ Rxd5 36. f4 Nd3 37. Nxf7+ Kd7 38. Ne5+ Nxe5 39. Rxe5 Rd2 40. Rg5 Rd6 41. Re5 Rd2 42. h4 Rd4 43. g3 Rd2 44. Rg5 Rd6 45. Re5 Rd2 46. Kf1 Kd8 47. Re2 Rd3 48. Kg2 Rd6 49. Kh3 Kd7 50. Re3 Rd1 51. Kg4 Rd5 52. Re5 Rd3 53. Rg5 Rd6 54. Re5 Rd3 55. Re2 Kd6 56. Kh3 Kd7 57. Kg2 Kd6 58. Kf2 Kd7 59. Re3 Rd2+ 60. Kf3 Rd6 61. Kg4 Rd5 62. Re5 Rd3 63. h5 gxh5+ 64. Rxh5 Ke6 65. Rh6+ Kf7 66. Ra6 Kg7 67. Kh4 Rf3 68. Kg4 Rd3 69. f5 Rc3 70. Kf4 Kf7 71. g4 Rc5 72. Ra7+ Kf8 73. Kg5 Rc6 74. f6 1-0

[Event "RUS-ch Blitz Men 2018"]
[Site "Sochi"]
[Date "2018.10.07"]
[Round "5"]
[White "Kabanov, Nikolai"]
[Black "Pogosian, Samvel"]
[Result "1-0"]
[WhiteElo "2481"]
[BlackElo "2263"]
[Annotator "TA"]
[PlyCount "134"]
[EventDate "2018.10.07"]
[EventType "swiss"]
[EventCountry "RUS"]
[SourceTitle "playchess.com"]
[Source "ChessBase"]
[SourceQuality "1"]

1. e4 Nf6 2. e5 Nd5 3. d4 d6 4. Nf3 dxe5 5. Nxe5 Nd7 6. Nf3 c5 7. c4 N5f6 8. d5 b5 9. cxb5 Bb7 10. Nc3 Nb6 11. Be3 Rc8 12. Be2 Nbxd5 13. O-O Nxe3 14. fxe3 e6 15. Ne5 Be7 16. Bf3 Qc7 17. Bxb7 Qxb7 18. Nc6 O-O 19. Qf3 Rc7 20. a4 a6 21. e4 c4 22. e5 Bc5+ 23. Kh1 Nd7 24. Qe4 axb5 25. axb5 Nb6 26. Ra7 Qc8 27. Rfa1 h6 28. h3 Nd5 29. Rxc7 Qxc7 30. Nxd5 exd5 31. Qxd5 Bb6 32. Qxc4 Qd7 33. Qe2 Re8 34. Rd1 Qf5 35. Qf3 Qc2 36. Rf1 Qc4 37. b3 Qe6 38. Qf5 Qxf5 39. Rxf5 Ra8 40. Rf3 Ra1+ 41. Kh2 Rc1 42. Rd3 Rc5 43. Rd5 Rc3 44. Rd7 Rxb3 45. Rb7 Rxb5 46. Ne7+ Kh7 47. Nc8 Bg1+ 48. Kxg1 Rxb7 49. Nd6 Re7 50. Kf2 Kg6 51. Nc4 Kf5 52. Kf3 Rc7 53. g4+ Ke6 54. Ne3 Kxe5 55. Nf5 Rc3+ 56. Kg2 g6 57. Nxh6 Rc7 58. g5 Kf4 59. h4 Rc2+ 60. Kh3 Rc3+ 61. Kg2 Rc7 62. Kh3 Ra7 63. Ng8 Ra3+ 64. Kg2 Kg4 65. Nh6+ Kxh4 66. Nxf7 Ra5 67. Kf3 Rf5+ 1-0

[Event "RUS-ch Blitz Men 2018"]
[Site "Sochi"]
[Date "2018.10.07"]
[Round "5"]
[White "Belyakov, Bogdan"]
[Black "Riazantsev, Alexander"]
[Result "0-1"]
[WhiteElo "2458"]
[BlackElo "2649"]
[Annotator "TA"]
[PlyCount "96"]
[EventDate "2018.10.07"]
[EventType "swiss"]
[EventCountry "RUS"]
[SourceTitle "playchess.com"]
[Source "ChessBase"]
[SourceQuality "1"]

1. e4 c6 2. d4 d5 3. Nc3 dxe4 4. Nxe4 Bf5 5. Nc5 b6 6. Nb3 e6 7. Nf3 Nf6 8. g3 Nbd7 9. Bg2 Rc8 10. O-O Bd6 11. h3 O-O 12. Re1 h6 13. c4 Qc7 14. Qe2 a5 15. Be3 a4 16. Nbd2 c5 17. b3 Bh7 18. Nb1 Ne4 19. Nfd2 Ndf6 20. Nxe4 Nxe4 21. Na3 cxd4 22. Nb5 dxe3 23. Nxc7 exf2+ 24. Kh2 fxe1=Q 25. Rxe1 Nxg3 26. Qd1 Bxc7 27. Qd7 Nf5+ 28. Kh1 Bg3 29. Rg1 axb3 30. axb3 Be5 31. Re1 Rfd8 32. Qb7 Rb8 33. Qa6 Bd4 34. Kh2 Ne3 35. Bf3 Bc5 36. Qb5 Rd2+ 37. Re2 Rxe2+ 38. Bxe2 Nc2 39. Qd7 Bf5 40. Bd3 Bxd3 41. Qxd3 Nb4 42. Qd7 g6 43. Kg3 Ra8 44. Kf4 Ra1 45. h4 Rf1+ 46. Ke4 Rh1 47. Ke5 Kg7 48. Qc8 Rxh4 0-1

[Event "RUS-ch Blitz Men 2018"]
[Site "Sochi"]
[Date "2018.10.07"]
[Round "5"]
[White "Gutenev, Alexander"]
[Black "Rakhmanov, Aleksandr"]
[Result "0-1"]
[WhiteElo "2456"]
[BlackElo "2634"]
[Annotator "RC"]
[PlyCount "115"]
[EventDate "2018.10.07"]
[EventType "swiss"]
[EventCountry "RUS"]
[SourceTitle "playchess.com"]
[Source "ChessBase"]
[SourceQuality "1"]

1. e4 c5 2. Nf3 Nf6 3. Nc3 d5 4. exd5 Nxd5 5. Bb5+ Bd7 6. Ne5 Nf6 7. Nxd7 Nbxd7 8. O-O a6 9. Be2 e6 10. Bf3 Qc7 11. d4 Bd6 12. h3 O-O-O 13. dxc5 Bxc5 14. Qe2 Ne5 15. Bf4 Bd6 16. Be3 Nxf3+ 17. Qxf3 Qc6 18. Qxc6+ bxc6 19. Na4 Nd5 20. Bd4 e5 21. Bc5 Bc7 22. Rad1 f5 23. Rfe1 e4 24. Bd4 Nf4 25. Kf1 Ne6 26. Bc3 Rd5 27. b3 Rhd8 28. Nb2 g6 29. g3 R8d7 30. h4 Bb6 31. Bf6 Bd4 32. Bxd4 Nxd4 33. Nc4 Kc7 34. Ne3 R5d6 35. c3 Nb5 36. Rxd6 Rxd6 37. c4 Nc3 38. Rc1 Nxa2 39. Ra1 Nb4 40. c5 Rd3 41. Ra3 Kd7 42. Ke2 Ke6 43. h5 gxh5 44. Ng2 Rc3 45. Nf4+ Ke5 46. Nxh5 Rxc5 47. Ra4 Rc2+ 48. Kf1 c5 49. Nf4 Nd3 50. Nh3 Nb4 51. Nf4 Rb2 52. Ra5 Nd3 53. Nh3 Rb1+ 54. Kg2 Ne1+ 55. Kh2 Nd3 56. Kg2 Rb2 57. Rxa6 e3 58. Ra7 0-1

[Event "RUS-ch Blitz Men 2018"]
[Site "Sochi"]
[Date "2018.10.07"]
[Round "5"]
[White "Drygalov, Sergey"]
[Black "Miroshnichenko, Pavel"]
[Result "1-0"]
[WhiteElo "2446"]
[BlackElo "2275"]
[Annotator "NA"]
[PlyCount "115"]
[EventDate "2018.10.07"]
[EventType "swiss"]
[EventCountry "RUS"]
[SourceTitle "playchess.com"]
[Source "ChessBase"]
[SourceQuality "1"]

1. d4 Nf6 2. Nf3 d5 3. c4 c6 4. e3 g6 5. Nc3 Bg7 6. Be2 O-O 7. O-O Bf5 8. cxd5 cxd5 9. Qb3 Bc8 10. Bd2 Nc6 11. Rac1 Re8 12. Rfd1 Na5 13. Qa3 Nc6 14. b4 e5 15. b5 exd4 16. bxc6 dxc3 17. cxb7 Bxb7 18. Bxc3 Qe7 19. Qa5 Bc8 20. Bd4 Be6 21. Rc7 Qd8 22. Rdc1 h6 23. Qa6 Ne4 24. Bxg7 Kxg7 25. Rxa7 Rxa7 26. Qxa7 Qf6 27. Qd4 Ra8 28. Rc2 g5 29. h3 Bf5 30. Qxf6+ Nxf6 31. Rb2 Be4 32. Nd4 Nd7 33. Rb7 Nc5 34. Rc7 Na6 35. Rc6 Nb4 36. Rc7 Rxa2 37. Bh5 Bg6 38. Bxg6 Kxg6 39. Rd7 Ra1+ 40. Kh2 Ra2 41. Kg3 h5 42. Rd6+ f6 43. f4 h4+ 44. Kf3 Nd3 45. f5+ Kg7 46. Ne6+ Kh6 47. Rxd5 Rf2+ 48. Ke4 Nb4 49. Rd8 Kh7 50. Rd7+ Kh6 51. Rf7 Rxg2 52. Rxf6+ Kh7 53. Rg6 Nc2 54. Nxg5+ Kh8 55. Nf7+ Kh7 56. Rxg2 Nxe3 57. Ng5+ Kh8 58. Kxe3 1-0

[Event "RUS-ch Blitz Men 2018"]
[Site "Sochi"]
[Date "2018.10.07"]
[Round "5"]
[White "Oganian, Miran"]
[Black "Taysayev, Timur"]
[Result "0-1"]
[WhiteElo "2435"]
[BlackElo "2225"]
[Annotator "ChessBase"]
[PlyCount "128"]
[EventDate "2018.10.07"]
[EventType "swiss"]
[EventCountry "RUS"]
[SourceTitle "playchess.com"]
[Source "ChessBase"]
[SourceQuality "1"]

1. Nf3 c5 2. e3 Nf6 3. b3 g6 4. Bb2 Bg7 5. Be2 O-O 6. O-O b6 7. c4 Bb7 8. Nc3 d5 9. Nxd5 Nxd5 10. Bxg7 Kxg7 11. cxd5 Qxd5 12. Qc2 Nc6 13. Rfd1 e5 14. Rac1 Rad8 15. Qb2 f6 16. Ne1 Rd7 17. Bf3 e4 18. Bg4 Rdd8 19. d3 Qe5 20. Qa3 Qg5 21. Be2 exd3 22. Bxd3 a5 23. Be4 Qe5 24. Bf3 Qe7 25. Qa4 Ne5 26. Bxb7 Qxb7 27. Qb5 Qc6 28. Qe2 Qc7 29. Nc2 Rxd1+ 30. Rxd1 Rd8 31. f4 Rxd1+ 32. Qxd1 Qd7 33. Qe2 Qd3 34. Kf1 Qxe2+ 35. Kxe2 Nd7 36. Na3 Kf7 37. Kd3 Ke6 38. e4 Kd6 39. Kc4 Kc6 40. Nb5 g5 41. g3 h5 42. a4 h4 43. Nc3 hxg3 44. hxg3 gxf4 45. gxf4 Nb8 46. Nd5 Nd7 47. Ne7+ Kd6 48. Nf5+ Kc6 49. Ne3 Kd6 50. Kb5 Kc7 51. Nc4 Kb7 52. Nd6+ Kc7 53. Ne8+ Kb7 54. Nd6+ Kc7 55. Nc4 Kb7 56. Ne3 Kc7 57. Nd5+ Kb7 58. Ne7 Kc7 59. Ng6 Kb7 60. e5 fxe5 61. Nxe5 Nf6 62. f5 Nd5 63. Nd7 Kc7 64. Nxb6 c4 0-1

[Event "RUS-ch Blitz Men 2018"]
[Site "Sochi"]
[Date "2018.10.07"]
[Round "5"]
[White "Malakhov, Igor"]
[Black "Triapishko, Alexandr"]
[Result "1/2-1/2"]
[WhiteElo "2423"]
[BlackElo "2508"]
[Annotator "RC"]
[PlyCount "107"]
[EventDate "2018.10.07"]
[EventType "swiss"]
[EventCountry "RUS"]
[SourceTitle "playchess.com"]
[Source "ChessBase"]
[SourceQuality "1"]

1. e4 e5 2. Nf3 Nc6 3. Bb5 a6 4. Ba4 d6 5. O-O Bd7 6. c3 Nf6 7. Re1 g6 8. d4 Bg7 9. d5 Ne7 10. c4 b5 11. cxb5 axb5 12. Bc2 O-O 13. Bd3 Ne8 14. Qb3 f5 15. Bxb5 Rb8 16. a4 h6 17. Nc3 fxe4 18. Nxe4 Bxb5 19. axb5 Qd7 20. Nc3 Rxf3 21. gxf3 Nf5 22. Ne4 Nh4 23. f4 Qg4+ 24. Qg3 Nf3+ 25. Kf1 Qxg3 26. hxg3 Nxe1 27. Kxe1 exf4 28. Ra5 fxg3 29. fxg3 g5 30. g4 Kf7 31. Ke2 Ke7 32. Kd3 Nf6 33. Nxf6 Bxf6 34. Kc4 Kd7 35. Ra3 Re8 36. b6 cxb6 37. Kb5 Rc8 38. Be3 Bxb2 39. Ra2 Be5 40. Bxb6 Rc1 41. Ra7+ Ke8 42. Rh7 Rb1+ 43. Kc6 Rc1+ 44. Kb5 Rh1 45. Kc6 Rc1+ 46. Kb5 Kf8 47. Rxh6 Kf7 48. Be3 Rc3 49. Bxg5 Rc5+ 50. Kb4 Rxd5 51. Be3 Bd4 52. Bxd4 Rxd4+ 53. Kc3 Rxg4 54. Rxd6 1/2-1/2